Μαθηματική μοντελοποίηση επιχειρησιακών διαδικασιών σε εταιρεία ανακύκλωσης : πτυχιακή εργασία

Στόχος της παρούσας πτυχιακής εργασίας είναι η πρακτική εφαρμογή της μαθηματικής μοντελοποίησης και του γραμμικού προγραμματισμού σε μια εταιρία ανακύκλωσης. Η χρήση των δυο παραπάνω εργαλείων αποσκοπεί στη διεξαγωγή ενός μαθηματικού μοντέλου με αντικειμενικό στόχο την εφαρμογή στρατηγικών για τη βέ...

Πλήρης περιγραφή

Αποθηκεύτηκε σε:
Λεπτομέρειες βιβλιογραφικής εγγραφής
Κύριος συγγραφέας: Γνησίου, Μαρία
Συγγραφή απο Οργανισμό/Αρχή: Πανεπιστήμιο Αιγαίου. Σχολή Θετικών Επιστημών. Τμήμα Μαθηματικών
Μορφή: Thesis Βιβλίο
Γλώσσα:Greek
Δημοσίευση: 2013.
Θέματα:
Διαθέσιμο Online:http://hdl.handle.net/11610/8057
Ετικέτες: Προσθήκη ετικέτας
Δεν υπάρχουν, Καταχωρήστε ετικέτα πρώτοι!

MARC

LEADER 00000cam a2200000 i 4500
001 1/50686
008 140703s2013 gr | ||| |||| ||gre||
035 |l 10118203  
040 |a GR-MyUA  |b gre  |e AACR2 
041 0 |a gre 
082 0 |a 628.4458015118   |2 (22) 
100 1 |a Γνησίου, Μαρία. 
245 1 0 |a Μαθηματική μοντελοποίηση επιχειρησιακών διαδικασιών σε εταιρεία ανακύκλωσης :   |b πτυχιακή εργασία /   |c Μαρία Γνησίου ; επιβλέπων καθηγητής Δημήτρης Φ. Λέκκας.  
260 |c 2013.  
300 |a 70 σ. :   |b εικ., πιν. ;   |c 30 εκ.  
500 |a Μέλη της εξεταστικής επιτροπής: Λέκκας Δημήτρης-Φραγκίσκος, Νικολόπουλος Χρήστος, Δημητράκος Θεοδόσης.  
502 |a Πτυχιακή εργασία – Πανεπιστήμιο Αιγαίου, Σάμος, 2013. 
504 |a Βιβλιογραφία: σ. 66-67. Ευρετήριο.  
506 1 |a Διάθεση πλήρους κειμένου ;   |d Ενδοπανεπιστημιακή δημοσίευση.  
520 |a Στόχος της παρούσας πτυχιακής εργασίας είναι η πρακτική εφαρμογή της μαθηματικής μοντελοποίησης και του γραμμικού προγραμματισμού σε μια εταιρία ανακύκλωσης. Η χρήση των δυο παραπάνω εργαλείων αποσκοπεί στη διεξαγωγή ενός μαθηματικού μοντέλου με αντικειμενικό στόχο την εφαρμογή στρατηγικών για τη βέλτιστη δυνατή λήψη αποφάσεων, στους τομείς της αποδοτικότητας της επιχείρησης και τη μεγιστοποίηση κέρδους. Αναλυτικότερα, ο γραμμικός προγραμματισμός προσεγγίζει τη χρηματοοικονομική κατάσταση της επιχείρησης, εξετάζοντας τον ισολογισμό της (κόστος για μηχανήματα, μισθοδοσία εργατικού δυναμικού, κέρδη κτλ.) αντλώντας πληροφορία για την δημιουργία ορθολογικού πλαισίου λήψης-απόφασης με στόχο τη διεξαγωγή συμπερασμάτων για την ομαλή λειτουργία της επιχείρησης καθώς επίσης και την αύξηση των εσόδων, και ελαχιστοποίηση του κόστους. Χρησιμοποιώντας τη μαθηματική μοντελοποίηση, πραγματοποιείται δημιουργία μαθηματικού ομοιώματος ικανό για την συστηματική μελέτη του υπό εξέταση προβλήματος καθώς εμπεριέχει τον διαχωρισμό του προβλήματος σε επιμέρους βήματα (παράμετροι-μεταβλητές) και τον εντοπισμό των αλληλεξαρτήσεων μεταξύ των επιμέρους βημάτων. Με αυτόν τον τρόπο μπορούμε να συλλέξουμε έναν όγκο δεδομένων (μεταβλητές απόφασης, ροές υλικών, ισοζύγια κτλ.) ώστε να κατασκευάσουμε ένα ευέλικτο μοντέλο που θα εκφράζει το κριτήριο βελτιστοποίησης (ανάλογα με την επιλογή του κριτηρίου βελτιστοποίησης, εκφράζεται με μεγιστοποίηση ή ελαχιστοποίηση του κριτήριου βελτιστοποίησης) . Στην εταιρεία ανακύκλωσης που έχουμε συλλέξει τα δεδομένα θέλουμε να εξετάσουμε πως με τα στοιχεία που μας έχει δώσει η εταιρεία για το έτος 2012, μπορούμε να αυξήσουμε την παραγωγικότητα της και κατ επέκταση να αυξηθούν τα κέρδη της. 
540 |a Κλειδωμένη η δυνατότητα αντιγραφής (copy) του κειμένου.  
610 2 0 |a University of the Aegean  |x Dissertations. 
650 0 0 |a Recycling industry  |x Mathematical models. 
650 0 0 |a Linear programming. 
650 0 0 |a Mathematical optimization. 
650 0 0 |a Dissertations, Academic  |z Greece. 
700 1 |a Λέκκας, Δημήτριος-Φραγκίσκος Θ.  |e dgs 
710 2 |a Πανεπιστήμιο Αιγαίου.   |b Σχολή Θετικών Επιστημών.   |b Τμήμα Μαθηματικών. 
852 |a INST  |b SAMOS  |c DIATR  |e 20140703  |h 628.4458015118 ΓΝΗ  |p 005300036878  |q 005300036878  |t DIE  |y 23 
852 |a INST  |b SAMOS  |c DIATR  |e 20140703  |h 628.4458015118 ΓΝΗ  |p 005300036879  |q 005300036879  |t DIE  |y 23 
856 |u http://hdl.handle.net/11610/8057 
901 |a BIBL3-2014-2 
909 |a Σ  |b 185041 
909 |a Σ  |b 185042 
924 |a ΓΝΗΣΙΟΥ  |b ΜΑΡΙΑ  |y Σάμος  |z 2013-10 
970 |a ΚΟΣΙΕΡΗΣ  |b ΧΡΗΣΤΟΣ  |z 2014/07/03